| 000 -LEADER | |
|---|---|
| fixed length control field | 00492cam a22001814a 4500 |
| 020 ## - INTERNATIONAL STANDARD BOOK NUMBER | |
| ISBN | 013187067X (alk. paper) |
| ISBN | 9780131870673 |
| 050 00 - LIBRARY OF CONGRESS CALL NUMBER | |
| Classification number | HF5549 |
| 100 1# - MAIN ENTRY--AUTHOR NAME | |
| Personal name | Gomez-Mejia, Luis R. |
| 245 10 - TITLE STATEMENT | |
| Title | Managing human resources / |
| 250 ## - EDITION STATEMENT | |
| Edition statement | 5th ed. |
| 260 ## - PUBLICATION, DISTRIBUTION, ETC. (IMPRINT) | |
| Place of publication | Upper Saddle River, N.J. : |
| Name of publisher | Pearson/Prentice Hall, |
| Year of publication | c2007. |
| 300 ## - PHYSICAL DESCRIPTION | |
| Number of Pages | xxix, 639 p. : |
| Other physical details | col. ill. ; |
| 650 #0 - SUBJECT ADDED ENTRY--TOPICAL TERM | |
| Topical Term | Personnel management. |
| 700 1# - ADDED ENTRY--PERSONAL NAME | |
| Personal name | Balkin, David B., |
| Personal name | Cardy, Robert L., |
| 942 ## - ADDED ENTRY ELEMENTS (KOHA) | |
| Koha item type | Books |
| Koha item type | Collection code | Shelving location | Accession Number | Permanent Location | Current Location | Date acquired | Full call number |
|---|---|---|---|---|---|---|---|
| Books | Lending | Lending | 1282 | Chapman Library | Chapman Library | 2016-04-26 | HF5549gom |
| Books | Lending | Lending | 1283 | Chapman Library | Chapman Library | 2016-04-26 | HF5549gom |
| Books | Reference | Reference | 1284 | Chapman Library | Chapman Library | 2016-04-26 | HF5549gom |

